|
|
|
|
| LEADER |
01553nam a2200421 a 4500 |
| 001 |
000814771 |
| 003 |
CZ BrMZK |
| 005 |
20060911134041.0 |
| 007 |
ta |
| 008 |
060424s1998 xr ach er 000 0 cze |
| 015 |
|
|
|a cnb000740236
|
| 020 |
|
|
|q (Brož.)
|
| 035 |
|
|
|a (OCoLC)84979016
|
| 040 |
|
|
|a BOA001
|b cze
|
| 043 |
|
|
|a e-xr---
|b e-xr-cc
|2 czenas
|
| 072 |
|
7 |
|a 94(437)
|x Dějiny Česka a Slovenska
|2 Konspekt
|9 8
|
| 080 |
|
|
|a 323.269.6
|2 MRF
|
| 080 |
|
|
|a 316.344.44
|2 MRF
|
| 080 |
|
|
|a 326.91
|2 MRF
|
| 080 |
|
|
|a 94(437.31-17)
|2 MRF
|
| 080 |
|
|
|a (041)
|2 MRF
|
| 100 |
1 |
|
|a Matouš, Václav,
|d 1933-2007
|7 jk01080770
|4 aut
|
| 245 |
1 |
0 |
|a Selské povstání 1628 /
|c Václav Matouš
|
| 260 |
|
|
|a Dobruška :
|b Městské muzeum Dobruška,
|c 1998
|
| 300 |
|
|
|a [28] s. :
|b il., portrét, faksim. ;
|c 21 cm
|
| 500 |
|
|
|a Název z obálky
|
| 504 |
|
|
|a Obsahuje bibliografii
|
| 500 |
|
|
|a Dostupné též v digitální podobě v aplikaci Kramerius
|
| 650 |
0 |
7 |
|a rolnická povstání
|7 ph138713
|z Česko
|y 1628
|2 czenas
|
| 650 |
0 |
7 |
|a poddaní
|7 ph124154
|z Česko
|y 1628
|2 czenas
|
| 650 |
0 |
7 |
|a nevolnictví
|7 ph123278
|z Česko
|y 1628
|2 czenas
|
| 655 |
|
7 |
|a brožury
|7 fd131925
|2 czenas
|
| 651 |
|
7 |
|a Podorlicko (Česko)
|7 ge138803
|x dějiny
|y 1628
|2 czenas
|
| 856 |
4 |
1 |
|u http://www.digitalniknihovna.cz/mzk/uuid/uuid:b3d222a0-6cbd-11e5-b4b4-005056827e51
|y Digitalizovaný dokument
|x NDK
|
| 910 |
2 |
|
|a BOA001
|b 2-1167.871
|
| 990 |
|
|
|a BK
|
| 991 |
|
|
|b 200605
|c NOV
|
| 996 |
6 |
|
|b 2610278362
|c 2-1167.871
|l MZK
|r Sklad / do 1 hodiny
|n 1
|p p.v.
|w 000814771
|u 000010
|a 1
|e BOA001
|j MZK50
|s P
|